000
00298nam a22001337a 4500
008
181107b xxu||||| |||| 00| 0 eng d
020
_a
0030028116
041
_a
eng
080
_a
101
100
_a
24
101
_a
FIL
245
_a
Moral Development and Behavior
_c
Lickona,Th
942
_2
udc
_c
BK
999
_c
52070
_d
52070